01631nam a2200385 a 4500001001200000003000800012006001900020007001500039008004100054010001700095020004200112020002700154040002100181035002100202050002400223082001800247245012200265260004000387300002400427490003800451504005100489505018000540533015200720650002300872650001800895650002700913655002900940700002800969700002900997700002001026710001701046830003901063856012601102999001701228ebr10714496CaPaEBRm o u cr cn|||||||||121208s2013 enka sb 001 0 eng d z 2012047422 z9781409406921 (hardback : alk. paper) z9781409406938 (e-book) aCaPaEBRcCaPaEBR a(OCoLC)84991880814aHN49.C6bT69 2013eb04a307.1/41222300aTowns in a rural worldh[electronic resource] /cedited by Teresa de Noronha Vaz, Eveline van Leeuwen, Peter Nijkamp. aFarnham, England :bAshgate,c2013. axvi, 393 p. :bill.1 aAshgate economic geography series aIncludes bibliographical references and index.0 apt. 1. Introduction -- pt. 2. Rural networks and partnerships -- pt. 3. Knowledge transfers in rural environments -- pt. 4. Urban-rural interdependencies -- pt. 5. Conclusion. aElectronic reproduction.bPalo Alto, Calif. :cebrary,d2013.nAvailable via World Wide Web.nAccess may be limited to ebrary affiliated libraries. 0aRural development. 0aSmall cities. 0aRural-urban relations. 7aElectronic books.2local1 aVaz, Teresa de Noronha.1 aLeeuwen, Eveline S. van.1 aNijkamp, Peter.2 aebrary, Inc. 0aAshgate economic geography series.40uhttp://site.ebrary.com/lib/rucke/Doc?id=10714496zAn electronic book accessible through the World Wide Web; click to view c16580d16580